trouver les marques automobiles - Logo - Statistiques

Statistiques générales
  • Ce quiz a été pris 314 fois
  • Le résultat moyen est 14 sur 16
Statistiques - réponses
Par images Réponse % Correct
Ferrari
100%
tesla
97%
jaguar
96%
Citroën
95%
Porsche
95%
toyota
95%
lamborghini
93%
Opel
93%
skoda
93%
volkswagen
90%
bentley
89%
DS
85%
mitsubishi
79%
Volvo
79%
Subaru
74%
mustang
73%
Aucun quiz correspondant
Distribution des résultats
% des personnes avec chaque résultat
Percentile par nombre de réponses
Votre historique - résultats
Vous n’avez pas pris ce quiz